Problemas (Registo nº 3857)

Detalhes MARC
000 -Etiqueta do registo
Cabeçalho 00735nam0a2200253 4500
005 - Identificador da versão
Campo de controlo 20240813122046.0
010 ## - Número internacional normalizado dos livros (ISBN)
Número (ISBN) 9726993709
021 ## - Número do Depósito Legal
Código do país PT
Número 72930/93
100 ## - Dados gerais de processamento
Dados gerais de processamento 20170511d1993 cd y0pory5003 ba
102 ## - Pais de publicação ou produção
País de publicação Portugal
101 0# - Língua de publicação
Língua do texto, banda sonora, etc. Português
215 ## - Descrição física 
Indicação específica da natureza do documento e extensão da espécie 34, [1] p.
Outras indicações físicas il.
200 1# - Titulo e menção de responsabilidade
Título próprio Problemas
Primeira menção de responsabilidade Matilde Rosa Araújo
Outras menções de responsabilidade il. de Catarina Câmara Pereira
225 1# - Colecção 
Título próprio da colecção Grandes pequeninos
Indicação de volume 11
210 ## - Publicação, Distribuição, etc. 
Lugar da edição, distribuição, etc. Lisboa
Nome do editor, distribuidor, etc. Vega
Data da publicação, distribuição, etc. 1993
606 ## - Nome comum usado como assunto
Número de registo de entrada de autoridade 0001358
Palavra de ordem Literatura portuguesa
Subdivisão de assunto Poesia
Código do sistema CA
675 ## - Classificação Decimal Universal (CDU)
Notação 821.134.3-1
Edição 3ª ed.
Língua da edição por
702 #1 - Nome de autor-pessoa física (responsabilidade secundária)
Número de registo de entrada de autoridade 0000305
Palavra de ordem Pereira
Outra parte do nome não tomada para palavra de ordem Catarina Câmara
Código de função Ilustrador / Técnico de desenho computorizado
700 #1 - Nome de autor-pessoa física (responsabilidade principal)
Número de registo de entrada de autoridade 0001368
Palavra de ordem Araújo
Outra parte do nome não tomada para palavra de ordem Matilde Rosa
Datas 1921-2010
966 ## - Identificação da Biblioteca
Sigla EBVEN
942 ## - Elementos de entrada adicionados (Koha)
Tipo de item no Koha Livro
Exemplares
Situação do levantamento Origin of item (home branch) (coded) Biblioteca de empréstimo Código de barras Cota Circulation type (not for loan) Tipo de documento Nota do exemplar Damaged status
  Biblioteca Escolar das Vendas Biblioteca Escolar das Vendas BEV198 8POR ARA   Livro Sem mensagem